Dokończ piłkarza - Statystyki

Ogólne statystyki
  • Ten quiz został rozwiązany 90 razy
    19 od ostatniego zresetowania
  • Średni wynik to 15 z 25
Statystyki odpowiedzi
Hint Odpowiedź % Poprawnych
Robert Lewandowski
100%
Leo Messi
93%
Cristiano Ronaldo
86%
Arkadiusz Milik
71%
Luka Modrić
71%
Heung Min Son
71%
Lamine Yamal
71%
Jude Bellingham
64%
Ousmane Dembele
64%
Nicola Zalewski
64%
Marcin Bułka
57%
Gianluigi Donnarumma
57%
Arda Guler
57%
Kai Havertz
57%
Alejandro Garnacho
50%
Inaki Peña
50%
Jordan Pickford
50%
Desire Doue
43%
Victor Gyokeres
43%
Jules Kounde
43%
Sergej Milinković-Savić
43%
Michael Olise
43%
Maxi Oyedele
43%
Bradley Barcola
36%
Pau Cubarsi
36%
Nie znaleziono quizów pasujących do podanych kryteriów
Rozkład punktacji
Procent ludzi z każdym wynikiem
Percentyl według liczby udzielonych odpowiedzi
Twoja historia wyników
Nie rozwiązałeś tego quizu od ostatniego zresetowania